| 000 | 00569nam a22001697a 4500 | ||
|---|---|---|---|
| 003 | OSt | ||
| 005 | 20240930142203.0 | ||
| 008 | 240930b |||||||| |||| 00| 0 eng d | ||
| 040 | _c0 | ||
| 082 | _aDPer 050 R22 2000 June -December 2023 v123 no. 7124-728 | ||
| 100 |
_a Shafer, Susan. _eauthor. _961806 |
||
| 245 |
_aLife's like that : _bseeing the funny side / _cSusan Shafer. |
||
| 260 |
_aTaipei ; x _bTaipei ; Reader's Digest Asia, _cJuly 2023. |
||
| 300 |
_aVolume 123, pages 38-39, _billustration. |
||
| 700 |
_a Shafer, Susan. _eauthor. _961756 |
||
| 942 |
_2ddc _cPER |
||
| 999 |
_c21986 _d21986 |
||